[Event "Havana Giraldilla op"]
[Site "Havana"]
[Date "2024.08.17"]
[Round "9"]
[White "Martinez Herrera, Alexis"]
[Black "Alpizar Gonzalez, Nestor"]
[Result "0-1"]
[WhiteElo "1799"]
[BlackElo "1654"]
[PlyCount "76"]
[EventDate "2024.08.12"]
[EventType "swiss"]
[EventRounds "9"]
[EventCountry "CUB"]
[SourceTitle "CBM 221 Extra"]
[Source "ChessBase"]
[SourceDate "2024.09.30"]
[SourceVersion "1"]
[SourceVersionDate "2024.09.30"]
[SourceQuality "1"]

1. e4 e5 2. Nc3 Nc6 3. Bc4 Nf6 4. Nge2 Bc5 5. d3 h6 6. Be3 Bb6 7. 0-0 d6 8. h3 Be6 9. Bb5 0-0 10. Bxb6 axb6 11. f4 Nh7 12. f5 Bd7 13. a3 g6 14. Nd5 Ne7 15. Nxe7+ Qxe7 16. Bxd7 Qxd7 17. Ng3 d5 18. Qg4 g5 19. Qh5 Kg7 20. f6+ Nxf6 21. Rxf6 Kxf6 22. Qxh6+ Ke7 23. Qxg5+ Kd6 24. Nf5+ Kc5 25. Qd2 b5 26. Qc3+ Kb6 27. Qxe5 dxe4 28. b4 exd3 29. Qc5+ Ka6 30. a4 b6 31. Qe5 bxa4 32. c4 Rfe8 33. Qf4 d2 34. b5+ Kb7 35. Qf3+ Kb8 36. Ne3 Rxe3 37. Qxe3 d1Q+ 38. Rxd1 Qxd1+ 0-1